00532nam a2200169Ia 450000500170000000800410001702000150005808200130007310000190008624500770010526000370018230000110021965000130023094200060024395200980024999900150034720240607002439.0240331s9999 xx 000 0 und d a9558309001 bSENa362 aSeneviratne, M 4aThe sexual exploitation of children :bSome expert analyses in Sri Lanka aMount Lavinia bP.E.A.C.E.c1999 a79 p., aChildren cL 001040708LaWERCLbWERCLcSSCd2024-03-31l0o 362.76 SENp4683r2024-03-31w2024-03-31yL c2882d2882